dolphins roster 2025 - Statistics

General Stats
  • This quiz has been taken 13 times
  • The average score is 8 of 28
Answer Stats
questions Answer % Correct
WR tyreek hill
100%
QB tua tagovailoa
82%
WR jaylen waddle
73%
RB de'von achane
64%
TE Darren waller
55%
FB Alec ingold
45%
DE chop robinson
45%
DT benito jones
27%
DE bradley chubb
27%
CB Jack jones
27%
P jake bailey
27%
H jake bailey
27%
LB jordyn brooks
27%
s minkah fitzpatrick
27%
DT Zach sieler
27%
C aaron brewer
18%
OLB jaelan phillips
18%
LG Jonah savaiinaea
18%
KR malik Washington
18%
PR malik Washington
18%
LT Patrick paul
18%
LB tyrel dodson
18%
s ashtyn davis
9%
RT Larry borom
9%
CB storm duck
9%
K jason sanders
0%
LS Joe cardona
0%
RG kion smith
0%
No matching quizzes found
Score Distribution
Percent of People with Each Score
Percentile by Number Answered
Your Score History
You have not taken this quiz